00883nam a2200205Ia 4500003000900000008004100009020001800050040001600068080002100084100003100105111010700136245019800243260003800441300001000479650004100489650002500530942000700555999001700562952009800579IN-BaIIA211028s9999 xx 000 0 eng d a5-02-024566-6 cIIA Library a524.3-334.7bMAG aGlagolevskij, Yu V.916986 aInternational Meeting on the Problem Physics and Evolution of StarscLeningradd1987 Oct. 12-17916987 0aMagnetic starsbproceedings of international meeting on the problem physics and evolution of stars, held in Leningrad, 12-17 Oct 1987cYu V Glagolevskij  aLeningradbNauka Publishingc1988 a328p. aAstronomy and astrophysics thesaurus aMagnetic stars95410 cBK c10030d10030 00104070aBANbBANcGENd0000-00-00l0o524.3-334.7/ MAGp10940r2021-11-05w0000-00-00yBK